LEADER 01177nam0-22003371i-450- 001 990002894190403321 005 20040907112836.0 010 $a88-458-0187-X 035 $a000289419 035 $aFED01000289419 035 $a(Aleph)000289419FED01 035 $a000289419 100 $a20030910d1999----km-y0itay50------ba 101 0 $aita 200 1 $a<>presenza straniera in Italia$ecaratteristiche demografiche$epermessi di soggiorno al 1.1.1997, residenti stranieri al 1.1.1997, nascite e matrimoni nel 1995$fIstituto Nazionale di Statistica$g[a cura di Domenico Gabrielli] 210 $aRoma$cIstat$d1999 215 $a226 p.$d30 cm$edischetto 225 1 $aInformazioni$fIstat$v6 300 $aIn testa al front.: Sistema statistico nazionale. Istituto Nazionale di Statistica 300 $aSettore popolazione 610 0 $aItalia$aImmigrazione$a1990-1997 676 $a304.8 702 1$aGabrielli,$bDomenico 710 02$aIstat$0374421 801 0$aIT$bUNINA$gRICA$2UNIMARC 901 $aBK 912 $a990002894190403321 952 $aCDI-I-06-99-Pos-2$b6372$fMAS 959 $aMAS 996 $aPresenza straniera in Italia$9237576 997 $aUNINA LEADER 01894nam 2200397 450 001 996278275303316 005 20231206194532.0 010 $a0-7381-5705-8 024 7 $a10.1109/IEEESTD.2008.4449092 035 $a(CKB)2670000000414638 035 $a(NjHacI)992670000000414638 035 $a(EXLCZ)992670000000414638 100 $a20231206d2008 uy 0 101 0 $aeng 135 $aur||||||||||| 181 $ctxt$2rdacontent 182 $cc$2rdamedia 183 $acr$2rdacarrier 200 10$aIEEE Guide for Test and Evaluation of Lead-Acid Batteries Used in Photovoltaic (PV) Hybrid Power Systems /$fInstitute of Electrical and Electronics Engineers 210 1$aNew York :$cIEEE,$d2008. 215 $a1 online resource (vii, 8 pages) 311 $a0-7381-5706-6 330 $aThis guide is specifically prepared for a PV/engine generator hybrid power system, but may also be applicable to all hybrid power systems where there is at least one renewable power source, such as PV, and a dispatchable power source, such as an engine generator. Tapercharge parameters for PV hybrid systems are suggested to help in preparing the battery for a capacity test. 517 $a1661-2007 - IEEE Guide for Test and Evaluation of Lead-Acid Batteries Used in Photovoltaic 517 $aIEEE Std 1661-2007: IEEE Guide for Test and Evaluation of Lead-Acid Batteries Used in Photovoltaic (PV) Hybrid Power Systems 517 $aIEEE Std 1661-2007 517 $aIEEE Guide for Test and Evaluation of Lead-Acid Batteries Used in Photovoltaic 606 $aPhotoelectric cells 615 0$aPhotoelectric cells. 676 $a537.53 801 0$bNjHacI 801 1$bNjHacl 906 $aDOCUMENT 912 $a996278275303316 996 $aIEEE Guide for Test and Evaluation of Lead-Acid Batteries Used in Photovoltaic (PV) Hybrid Power Systems$92574586 997 $aUNISA